000 00424nam a2200157 i 4500
001 bg
100 1 _aDZIERZBICKI, Stanisław
245 0 _aWyłączniki ograniczające prądu przemiennego /
_cStanisław Dzierzbicki, Eugeniusz Walczuk.
260 _aWarszawa,
_c1976.
700 1 _aWALCZUK, Eugeniusz
040 _cBPK
041 _apol
080 _a621.316
942 _cKS
008 s pl f |000 0 pol
999 _c27497
_d27497
856 _uhttp://koha.tu.koszalin.pl/cgi-bin/koha/opac-detail.pl?biblionumber=27497
_yKatalog online BPK